| 000 | 00667nam a22002177a 4500 | ||
|---|---|---|---|
| 942 | _cBK | ||
| 999 |
_c636 _d636 |
||
| 005 | 20250420134819.0 | ||
| 008 | 200818b ||||| |||| 00| 0 eng d | ||
| 020 | _a9781259255021 | ||
| 040 | _cKCST | ||
| 082 |
_a681.382 _bFr Pr |
||
| 100 |
_aFrenzel, Louis E., Jr., _d1938- _95145 |
||
| 245 |
_aPrinciples of electronic communication systems / _cLouis E Frenzel, Jr. |
||
| 250 | _a4th edition | ||
| 260 |
_aNew York, NY : _bMcGraw-Hill Education, _c2016. |
||
| 300 | _a930 p. | ||
| 650 |
_aTelecommunication _vTextbooks. _95146 |
||
| 650 |
_aWireless communication systems _vTextbooks. _95147 |
||
| 650 |
_aTelecommunication. _94608 |
||
| 942 | _2ddc | ||